[Event "MNE-chT 2nd League"]
[Site "Cetinje"]
[Date "2022.10.16"]
[Round "5"]
[White "Vulic, Vuka"]
[Black "Cimbaljevic, Aleksandar"]
[Result "0-1"]
[WhiteElo "1512"]
[BlackElo "1711"]
[PlyCount "84"]
[EventDate "2022.10.14"]
[EventType "team-tourn"]
[EventRounds "5"]
[EventCountry "MNE"]
[SourceTitle "EXT 2024"]
[Source "ChessBase"]
[SourceDate "2023.10.10"]
[SourceVersion "1"]
[SourceVersionDate "2023.10.10"]
[SourceQuality "1"]
[WhiteTeam "Komovi"]
[BlackTeam "Gambit"]
[WhiteTeamCountry "MNE"]
[BlackTeamCountry "MNE"]

1. e4 c5 2. Bc4 Nc6 3. Nf3 e6 4. d3 Nf6 5. Bg5 Be7 6. a3 a6 7. 0-0 0-0 8. Nc3 d6 9. Re1 Nd7 10. Bxe7 Qxe7 11. Qd2 Nde5 12. Nxe5 dxe5 13. Ne2 Nd4 14. Nxd4 cxd4 15. c3 dxc3 16. Qxc3 Bd7 17. Qxe5 Bc6 18. a4 Qb4 19. Qc3 Qd6 20. Re3 b5 21. axb5 axb5 22. Rxa8 Rxa8 23. Bb3 Ra1+ 24. Re1 Rxe1+ 25. Qxe1 Qxd3 26. Qd1 Qxd1+ 27. Bxd1 Bxe4 28. f3 Bd5 29. Kf2 Kf8 30. Ke3 Ke7 31. g3 Kd6 32. b4 Ke5 33. Be2 Bc4 34. f4+ Kd5 35. Bh5 f6 36. Bf3+ Kd6 37. Be4 h6 38. Bb7 e5 39. Ke4 g6 40. fxe5+ fxe5 41. h4 Bf1 42. Bd5 Bg2+ 0-1

[Event "MNE-chT 2nd League"]
[Site "Cetinje"]
[Date "2022.10.14"]
[Round "1"]
[White "Nikac, Predrag"]
[Black "Vulic, Vuka"]
[Result "1-0"]
[WhiteElo "2284"]
[BlackElo "1512"]
[PlyCount "47"]
[EventDate "2022.10.14"]
[EventType "team-tourn"]
[EventRounds "5"]
[EventCountry "MNE"]
[SourceTitle "EXT 2024"]
[Source "ChessBase"]
[SourceDate "2023.10.10"]
[SourceVersion "1"]
[SourceVersionDate "2023.10.10"]
[SourceQuality "1"]
[WhiteTeam "Zora"]
[BlackTeam "Komovi"]
[WhiteTeamCountry "MNE"]
[BlackTeamCountry "MNE"]

1. e4 e5 2. Nf3 d6 3. Bc4 Be6 4. Bxe6 fxe6 5. d4 Nc6 6. d5 exd5 7. exd5 Nb4 8. c3 Na6 9. 0-0 Nf6 10. Ng5 Nc5 11. b4 Na6 12. f4 h6 13. Ne6 Qd7 14. a4 c6 15. b5 Nc7 16. fxe5 dxe5 17. Rxf6 Nxe6 18. Rxe6+ Kd8 19. bxc6 bxc6 20. Rxc6 Rc8 21. Rxc8+ Kxc8 22. Be3 Bd6 23. Na3 Qc7 24. Nb5 1-0